000 00713 a2200145 4500
003 Nust
005 20230126133534.0
040 _cNust
082 _a910.41,GRE
100 _aGreen Horn
_9107788
245 _aBeing an Account of a journey round the World for a wager /
_cGreen Horn
505 _aThe Aftermath of War (Page-1), Arrival in New York (Page-22), South to the Oilfields (Page-51), Canada (Page-78), Before the Mast (Page-109), End of My First Voyage (Page-130), The South Sea Island (Page-155), Down and the Very Nearly Out (Page-193), New Guinea (Page-222), Working a Passage to South Africa (Page-251), The Return to Australia (Page-274).
650 _a journey
_9107789
942 _2ddc
_cBK
999 _c186386
_d186386